000 00314nam a22001337a 4500
008 210531b ||||| |||| 00| 0 eng d
041 _aeng
080 _22nd
_a330
082 _a330
100 _a56
101 _aBIZ
245 _aThe Design and Placing of High Quality Concrete
_cStewart,D.A
942 _2udc
_cBK
999 _c57827
_d57827